Připravenost evropských bank na euro
Švédska banka Skandinaviska Enskilda Banken (S-E-Banken) usporiadala 30.10.1997 v Prahe seminár na tému Európska menová únia a stupeň pripravenosti európskych bánk. Problémy, ktoré prinesie zavedenie euro. Ako bude vyzerať menová scéna v roku 1999.
Guardado en:
| Autor principal: | |
|---|---|
| Formato: | Capítulo de libro |
| Lenguaje: | checo |
| Materias: | |
| Etiquetas: |
Sin Etiquetas, Sea el primero en etiquetar este registro!
|
MARC
| LEADER | 00000naa a2200000 4500 | ||
|---|---|---|---|
| 001 | r030745 | ||
| 005 | 20230908085836.6 | ||
| 041 | 0 | |a cze | |
| 044 | |a CZ | ||
| 245 | 1 | 0 | |a Připravenost evropských bank na euro |c Karel Ježek |
| 520 | |a Švédska banka Skandinaviska Enskilda Banken (S-E-Banken) usporiadala 30.10.1997 v Prahe seminár na tému Európska menová únia a stupeň pripravenosti európskych bánk. Problémy, ktoré prinesie zavedenie euro. Ako bude vyzerať menová scéna v roku 1999. | ||
| 610 | 2 | 0 | |a euro |
| 610 | 2 | 0 | |a únie menové |
| 610 | 2 | 0 | |a Európska menová únia |
| 610 | 2 | 0 | |a banky |
| 610 | 2 | 0 | |a Európa |
| 610 | 2 | 0 | |a semináre |
| 610 | 2 | 0 | |a Česko |
| 100 | 1 | |a Ježek, Karel | |